[Event "COL-ch"]
[Site "Cartagena"]
[Date "2023.06.11"]
[Round "7"]
[White "Vargas Viscaino, Jesus Daniel"]
[Black "Rivera, Ingris"]
[Result "0-1"]
[WhiteElo "1961"]
[BlackElo "2239"]
[PlyCount "60"]
[EventDate "2023.06.08"]
[EventType "swiss"]
[EventRounds "9"]
[EventCountry "COL"]
[SourceTitle "CBM 215 Extra"]
[Source "ChessBase"]
[SourceDate "2023.09.30"]
[SourceVersion "1"]
[SourceVersionDate "2023.09.30"]
[SourceQuality "1"]

1. e4 c5 2. Nf3 d6 3. d4 cxd4 4. Nxd4 Nf6 5. Nc3 a6 6. Bc4 e6 7. Bb3 Nbd7 8. 0-0 Nc5 9. f4 Be7 10. Qf3 Qc7 11. g4 b5 12. g5 Nfd7 13. f5 Ne5 14. Qg2 Qb7 15. fxe6 fxe6 16. Bf4 Bd7 17. Qh3 b4 18. Nxe6 Nxe6 19. Bxe6 bxc3 20. Bxe5 dxe5 21. Bf7+ Kd8 22. Rad1 Bc5+ 23. Kh1 Qxe4+ 24. Rf3 Bd4 25. Qg2 Bc6 26. Bh5 g6 27. Bg4 cxb2 28. Rdf1 Rb8 29. Rf8+ Rxf8 30. Rxf8+ Ke7 0-1

[Event "COL-ch U26"]
[Site "Cali"]
[Date "2022.09.30"]
[Round "6"]
[White "Vargas Viscaino, Jesus Daniel"]
[Black "Llano Buritica, Eduardo Alejandro"]
[Result "0-1"]
[WhiteElo "1961"]
[BlackElo "1938"]
[PlyCount "48"]
[EventDate "2022.09.28"]
[EventType "swiss"]
[EventRounds "6"]
[EventCountry "COL"]
[SourceTitle "CBM 210 Extra"]
[Source "ChessBase"]
[SourceDate "2022.11.30"]
[SourceVersion "1"]
[SourceVersionDate "2022.11.30"]
[SourceQuality "1"]

1. e4 e5 2. Nf3 Nc6 3. d4 exd4 4. Nxd4 Bc5 5. Nb3 Bb6 6. Nc3 Nf6 7. Bg5 h6 8. Bh4 0-0 9. Bd3 Re8 10. 0-0 d6 11. Kh1 g5 12. Bg3 Bg4 13. f3 Bh5 14. Qd2 Bg6 15. Rae1 Nh5 16. Bf2 Ne5 17. Rd1 Nf4 18. Bg3 Nh5 19. Bf2 c6 20. a4 Qf6 21. Bxb6 axb6 22. Be2 Rad8 23. Qd4 Nf4 24. Nc1 d5 0-1

[Event "COL-chT"]
[Site "Medellin"]
[Date "2021.12.11"]
[Round "5.2"]
[White "Vargas Viscaino, Jesus Daniel"]
[Black "Soto, Cristian Camilo"]
[Result "0-1"]
[WhiteElo "1900"]
[BlackElo "2101"]
[PlyCount "100"]
[EventDate "2021.12.09"]
[EventType "team-swiss"]
[EventRounds "6"]
[EventCountry "COL"]
[SourceTitle "CBM 205 Extra"]
[Source "ChessBase"]
[SourceDate "2022.01.31"]
[SourceVersion "1"]
[SourceVersionDate "2022.01.31"]
[SourceQuality "1"]
[WhiteTeam "Atlantico Quintal"]
[BlackTeam "Liga de Antioquia II"]
[WhiteTeamCountry "COL"]
[BlackTeamCountry "COL"]

1. e4 c5 2. Nf3 e6 3. d4 cxd4 4. Nxd4 Nf6 5. Nc3 Nc6 6. Ndb5 Bb4 7. a3 Bxc3+ 8. Nxc3 d5 9. exd5 exd5 10. Bd3 Bg4 11. f3 Be6 12. 0-0 0-0 13. Bg5 h6 14. Bh4 Qb6+ 15. Kh1 Nd7 16. f4 d4 17. Bf2 Nc5 18. f5 Qxb2 19. Nb5 Nxd3 20. Qxd3 Ne5 21. Qe4 Qxb5 22. fxe6 fxe6 23. a4 Qd5 24. Qxd5 exd5 25. Bxd4 Nc6 26. Bc5 Rxf1+ 27. Rxf1 b6 28. Bg1 Re8 29. g3 Re4 30. Rf4 Rxf4 31. gxf4 Kf7 32. Kg2 Ke6 33. c3 Kf5 34. Kf3 g6 35. h4 h5 36. Bf2 Nd8 37. Bd4 Ne6 38. Be3 a6 39. Bxb6 Nxf4 40. Bd8 Ne6 41. Be7 g5 42. hxg5 Nxg5+ 43. Ke3 h4 44. c4 dxc4 45. Bd6 Ne6 46. a5 Kg4 47. Be5 h3 48. Bh2 Ng5 49. Bb8 c3 50. Kd3 Ne4 0-1

[Event "COL-chT"]
[Site "Medellin"]
[Date "2021.12.10"]
[Round "4.2"]
[White "Manrique Bermudez, Josue"]
[Black "Vargas Viscaino, Jesus Daniel"]
[Result "1/2-1/2"]
[WhiteElo "1467"]
[BlackElo "1900"]
[PlyCount "61"]
[EventDate "2021.12.09"]
[EventType "team-swiss"]
[EventRounds "6"]
[EventCountry "COL"]
[SourceTitle "CBM 205 Extra"]
[Source "ChessBase"]
[SourceDate "2022.01.31"]
[SourceVersion "1"]
[SourceVersionDate "2022.01.31"]
[SourceQuality "1"]
[WhiteTeam "Antioquia Talentos"]
[BlackTeam "Atlantico Quintal"]
[WhiteTeamCountry "COL"]
[BlackTeamCountry "COL"]

1. d4 d5 2. c4 e6 3. Nc3 c6 4. cxd5 exd5 5. Bf4 Bf5 6. Qb3 Qb6 7. Qxb6 axb6 8. e3 b5 9. Nf3 h6 10. Ne5 Nf6 11. Bd3 Bxd3 12. Nxd3 Nbd7 13. h4 Be7 14. f3 0-0 15. g4 Rfe8 16. Kf2 Nb6 17. Ne2 Nfd7 18. Ng3 Nc4 19. g5 Bd6 20. Bxd6 Nxd6 21. gxh6 gxh6 22. Rhg1 Kh8 23. a3 Re6 24. Nf4 Re7 25. Rae1 Rae8 26. Rg2 Nf6 27. Ngh5 Nd7 28. Ng7 Rg8 29. Reg1 Kh7 30. Nfh5 Kh8 31. Nf4 1/2-1/2

[Event "COL Subzt 2.3.4"]
[Site "Risarald"]
[Date "2021.11.25"]
[Round "4"]
[White "Cordoba Roa, Angel Gabriel"]
[Black "Vargas Viscaino, Jesus Daniel"]
[Result "1-0"]
[WhiteElo "2145"]
[BlackElo "1856"]
[PlyCount "51"]
[EventDate "2021.11.23"]
[EventType "swiss"]
[EventRounds "9"]
[EventCountry "COL"]
[SourceTitle "CBM 205 Extra"]
[Source "ChessBase"]
[SourceDate "2022.01.31"]
[SourceVersion "1"]
[SourceVersionDate "2022.01.31"]
[SourceQuality "1"]

1. d4 Nf6 2. Nf3 g6 3. g3 Bg7 4. Bg2 0-0 5. c4 d6 6. 0-0 Nc6 7. Nc3 a6 8. b3 Rb8 9. Bb2 b5 10. cxb5 axb5 11. Rc1 b4 12. Na4 Na7 13. d5 e6 14. dxe6 fxe6 15. Qc2 c5 16. Rfd1 Qe7 17. Rxd6 Qxd6 18. Be5 Qe7 19. Bxb8 Nc6 20. Be5 Nxe5 21. Nxe5 Nd5 22. Nd3 Nc3 23. Naxc5 Bd4 24. Ne4 Bb7 25. Nxc3 Bxg2 26. Nb5 1-0

[Event "COL Subzt 2.3.4"]
[Site "Risarald"]
[Date "2021.11.25"]
[Round "5"]
[White "Vargas Viscaino, Jesus Daniel"]
[Black "Agudelo Pineres, Oscar Marino"]
[Result "1/2-1/2"]
[WhiteElo "1856"]
[BlackElo "1983"]
[PlyCount "133"]
[EventDate "2021.11.23"]
[EventType "swiss"]
[EventRounds "9"]
[EventCountry "COL"]
[SourceTitle "CBM 205 Extra"]
[Source "ChessBase"]
[SourceDate "2022.01.31"]
[SourceVersion "1"]
[SourceVersionDate "2022.01.31"]
[SourceQuality "1"]

1. e4 c5 2. Nf3 d6 3. d4 cxd4 4. Nxd4 Nf6 5. Nc3 a6 6. Bg5 e6 7. f4 Qb6 8. Qd2 Be7 9. 0-0-0 h6 10. Bxf6 Bxf6 11. Bc4 0-0 12. h4 Nc6 13. Nde2 d5 14. exd5 exd5 15. Bb3 Ne7 16. Kb1 Rd8 17. Nd4 Bg4 18. Rde1 Rd7 19. Rxe7 Bxe7 20. Nxd5 Qd8 21. Nxe7+ Qxe7 22. c3 Re8 23. Bc4 b5 24. Bd3 Qe3 25. Kc1 Qe7 26. a3 Qc5 27. Bc2 h5 28. f5 Re2 29. Qf4 Re8 30. f6 Qe5 31. Qxe5 Rxe5 32. fxg7 Kxg7 33. Rf1 Rd6 34. Bd3 Rf6 35. Kd2 Rxf1 36. Bxf1 Bd7 37. Bd3 Kf6 38. Nf3 Re8 39. Ng5 Bc6 40. g3 Re7 41. Be2 Kg6 42. Bd3+ Kh6 43. Nh3 Be4 44. Be2 Bf5 45. Nf4 Bg4 46. Bd3 Kg7 47. b3 Re5 48. c4 Bd7 49. Be2 Kh6 50. Nd3 Re6 51. c5 Bc6 52. Nf4 Re5 53. b4 a5 54. Kd3 axb4 55. axb4 Re4 56. Bf3 Rxf4 57. Bxc6 Rxb4 58. Bd5 Rg4 59. c6 Rxg3+ 60. Kd4 b4 61. Bxf7 Ra3 62. c7 Ra8 63. Be6 b3 64. c8Q Rxc8 65. Bxc8 Kg6 66. Ke5 b2 67. Bf5+ 1/2-1/2

[Event "Central America Carribean-ch U20"]
[Site "Pereira"]
[Date "2021.09.24"]
[Round "5"]
[White "Vargas Viscaino, Jesus Daniel"]
[Black "Padilla Ordonez, Daniel Eduardo"]
[Result "1/2-1/2"]
[WhiteElo "1814"]
[BlackElo "1707"]
[PlyCount "156"]
[EventDate "2021.09.21"]
[EventType "swiss"]
[EventRounds "9"]
[EventCountry "COL"]
[SourceTitle "EXT 2023"]
[Source "ChessBase"]
[SourceDate "2022.10.05"]
[SourceVersion "1"]
[SourceVersionDate "2022.10.05"]
[SourceQuality "1"]

1. e4 e6 2. d4 d5 3. e5 b6 4. Bd3 Ne7 5. c3 Ba6 6. Bxa6 Nxa6 7. Qa4+ Qd7 8. Qxa6 c5 9. Nf3 cxd4 10. cxd4 Nc6 11. 0-0 Nb4 12. Qe2 Rc8 13. Nc3 h6 14. a3 Nc6 15. Qb5 Be7 16. Be3 0-0 17. Rac1 Rfd8 18. Rfd1 Rc7 19. Qa4 Na5 20. Qxd7 Rdxd7 21. Nd2 a6 22. Na4 b5 23. Nb6 Rxc1 24. Rxc1 Rb7 25. Nc8 Bf8 26. Nd6 Rb6 27. Bf4 g5 28. Bg3 Nc4 29. N2xc4 bxc4 30. Rc2 f5 31. f4 g4 32. Be1 Bxd6 33. exd6 Rxd6 34. Kf2 Rb6 35. Bb4 Rb5 36. Re2 Kf7 37. Kg3 a5 38. Bc3 a4 39. Kh4 h5 40. h3 Rb8 41. hxg4 hxg4 42. Kg3 Rh8 43. Re1 Rh6 44. Kf2 Rh2 45. Kg1 Rh8 46. g3 Ra8 47. Kg2 Re8 48. Rh1 Kg6 49. Kf2 Rb8 50. Ke3 Ra8 51. Bb4 Rd8 52. Rh4 Kg7 53. Kd2 Rb8 54. Kc3 Kg6 55. Rh2 Rd8 56. Rh4 Rb8 57. Kc2 Rd8 58. Be7 Rb8 59. Bb4 Rd8 60. Rh1 Rb8 61. Re1 Kf7 62. Re3 Rb6 63. Bc5 Rb7 64. Bd6 Rd7 65. Be5 Rb7 66. Bd6 Rd7 67. Bb4 Rb7 68. Re2 Rb8 69. Re3 Rd8 70. Ba5 Rc8 71. Bb6 Kf6 72. Ba5 Kf7 73. Kc3 Rb8 74. Bb4 Kf6 75. Re2 Kf7 76. Kc2 Rd8 77. Rh2 Kg6 78. Bc3 Rc8 1/2-1/2

[Event "Central America Carribean-ch U20"]
[Site "Pereira"]
[Date "2021.09.22"]
[Round "2"]
[White "Cordoba Roa, Angel Gabriel"]
[Black "Vargas Viscaino, Jesus Daniel"]
[Result "0-1"]
[WhiteElo "2055"]
[BlackElo "1814"]
[PlyCount "70"]
[EventDate "2021.09.21"]
[EventType "swiss"]
[EventRounds "9"]
[EventCountry "COL"]
[SourceTitle "EXT 2023"]
[Source "ChessBase"]
[SourceDate "2022.10.05"]
[SourceVersion "1"]
[SourceVersionDate "2022.10.05"]
[SourceQuality "1"]

1. e4 e5 2. Nf3 Nc6 3. Bc4 Nf6 4. d3 h6 5. Nbd2 d6 6. c3 g5 7. Nf1 g4 8. N3d2 h5 9. Ne3 Bh6 10. Qe2 Ne7 11. d4 Ng6 12. g3 Qe7 13. 0-0 Be6 14. Bxe6 fxe6 15. Nec4 h4 16. Nb3 Bxc1 17. Raxc1 0-0-0 18. dxe5 dxe5 19. Rfd1 Rdg8 20. Ncd2 Nh7 21. Qe3 Kb8 22. Kf1 hxg3 23. hxg3 Ng5 24. Qc5 Qf6 25. Na5 Rh2 26. Ke2 Nxe4 27. Nxe4 Qf3+ 28. Kd2 Qxe4 29. Qe3 Rxf2+ 30. Qxf2 Rd8+ 31. Qd4 exd4 32. Nc4 dxc3+ 33. Kxc3 Qf3+ 34. Kc2 Qe2+ 35. Nd2 Qd3# 0-1

[Event "Pan American-ch School U17"]
[Site "Medellin"]
[Date "2019.11.15"]
[Round "6"]
[White "Wong Pages, Juan Diego"]
[Black "Vargas Viscaino, Jesus Daniel"]
[Result "1-0"]
[WhiteElo "1909"]
[BlackElo "1862"]
[PlyCount "145"]
[EventDate "2019.11.12"]
[EventType "swiss"]
[EventRounds "9"]
[EventCountry "COL"]
[SourceTitle "CBM 193 Extra"]
[Source "ChessBase"]
[SourceDate "2020.01.31"]
[SourceVersion "1"]
[SourceVersionDate "2020.01.31"]
[SourceQuality "1"]

1. e4 c5 2. Nf3 d6 3. d4 cxd4 4. Nxd4 Nf6 5. Nc3 a6 6. Bg5 e6 7. f4 Be7 8. Qf3 Qc7 9. 0-0-0 Nbd7 10. Bd3 h6 11. Bh4 g5 12. fxg5 Ne5 13. Qe2 Nfg4 14. Bg3 hxg5 15. Kb1 Bd7 16. Qd2 Qc5 17. Be2 0-0-0 18. h3 Nf6 19. Nb3 Qc7 20. Rhf1 Bc6 21. Qd4 Nfd7 22. Bf2 Nc5 23. Qb4 Be8 24. Qa5 Nc6 25. Qxc7+ Kxc7 26. Nxc5 dxc5 27. Bg3+ Bd6 28. Bxd6+ Rxd6 29. Bg4 Ne5 30. Rxd6 Kxd6 31. Rd1+ Ke7 32. Be2 Bc6 33. b3 Rh4 34. Bd3 b5 35. Re1 Nxd3 36. cxd3 g4 37. Re3 gxh3 38. gxh3 f6 39. a3 Kd6 40. b4 cxb4 41. axb4 f5 42. Kc2 f4 43. Rf3 Ke5 44. Ne2 Be8 45. Kc3 Bh5 46. Ng1 Kd6 47. Rf2 e5 48. Rg2 Ke6 49. Ra2 f3 50. Rxa6+ Ke7 51. Ra2 Rf4 52. Rf2 Rf8 53. Kd2 Rg8 54. Nxf3 Rg3 55. Nxe5 Rxh3 56. Nc6+ Kd6 57. Rf6+ Kc7 58. Nd4 Be8 59. Rf5 Kb6 60. e5 Rh4 61. Kc3 Rh7 62. e6 Rc7+ 63. Kd2 Re7 64. Rc5 Ka6 65. Ke3 Bf7 66. Rc6+ Kb7 67. Rd6 Be8 68. Nf5 Rh7 69. Rd8 Rh3+ 70. Kd4 Bg6 71. e7 Rf3 72. Rf8 Kc7 73. Ne3 1-0

[Event "Pan American-ch School U17"]
[Site "Medellin"]
[Date "2019.11.14"]
[Round "4"]
[White "Cajan Polo, Juan Alberto Segund"]
[Black "Vargas Viscaino, Jesus Daniel"]
[Result "0-1"]
[WhiteElo "1734"]
[BlackElo "1862"]
[PlyCount "129"]
[EventDate "2019.11.12"]
[EventType "swiss"]
[EventRounds "9"]
[EventCountry "COL"]
[SourceTitle "CBM 193 Extra"]
[Source "ChessBase"]
[SourceDate "2020.01.31"]
[SourceVersion "1"]
[SourceVersionDate "2020.01.31"]
[SourceQuality "1"]

1. e4 c5 2. Nf3 d6 3. d4 cxd4 4. Nxd4 Nf6 5. Nc3 a6 6. Bg5 e6 7. Qe2 Nbd7 8. 0-0-0 Qc7 9. f4 Be7 10. g4 0-0 11. Bg2 Nc5 12. h4 Rb8 13. Bxf6 Bxf6 14. g5 Bxd4 15. Rxd4 b5 16. Qd2 b4 17. Ne2 b3 18. Kb1 bxa2+ 19. Kxa2 Qb6 20. b3 Rd8 21. e5 d5 22. Rb1 Bd7 23. h5 Rdc8 24. Rb2 Bb5 25. Nc1 a5 26. c4 Nxb3 27. Rxb3 Rxc4 28. Ne2 Rxd4 29. Qxd4 Bc4 30. Qxc4 dxc4 31. Rxb6 Rxb6 32. Be4 Rb3 33. Bc6 Rd3 34. Nc1 Rd4 35. f5 exf5 36. Kb2 Rg4 37. Kc3 Rxg5 38. Kxc4 Rxh5 39. Nb3 f4 40. Kd4 a4 41. Bxa4 f3 42. Bb5 Rh4+ 43. Ke3 Rb4 44. Nd4 g5 45. Bd3 g4 46. Nf5 h5 47. Kf2 Rb2+ 48. Kg3 Rg2+ 49. Kh4 Rh2+ 50. Kg3 Rh3+ 51. Kf2 Rh2+ 52. Kg3 Rd2 53. Bc4 Kf8 54. Kh4 Rh2+ 55. Kg3 Rh3+ 56. Kf2 h4 57. Nh6 Rh2+ 58. Kg1 Rg2+ 59. Kh1 g3 60. Bd5 h3 61. Nf5 h2 62. Nxg3 Rxg3 63. Kxh2 Rg5 64. Bxf3 Rxe5 65. Kg3 0-1

[Event "COL-ch sf3 U18"]
[Site "Bogota"]
[Date "2019.06.09"]
[Round "6.2"]
[White "Tobar Beltran, Carlos Andres"]
[Black "Vargas Viscaino, Jesus Daniel"]
[Result "0-1"]
[WhiteElo "1619"]
[BlackElo "1610"]
[PlyCount "32"]
[EventDate "2019.06.06"]
[EventType "swiss"]
[EventRounds "6"]
[EventCountry "COL"]
[SourceTitle "EXT 2024"]
[Source "ChessBase"]
[SourceDate "2023.10.10"]
[SourceVersion "1"]
[SourceVersionDate "2023.10.10"]
[SourceQuality "1"]

1. d4 Nf6 2. e3 g6 3. Bd3 Bg7 4. f4 0-0 5. Nf3 d6 6. 0-0 Nbd7 7. c3 b6 8. e4 Bb7 9. e5 Nd5 10. Qb3 e6 11. c4 Ne7 12. Nbd2 dxe5 13. fxe5 c5 14. Ne4 cxd4 15. Bf4 Bxe4 16. Bxe4 Nc5 0-1

[Event "COL-ch sf3 U18"]
[Site "Bogota"]
[Date "2019.06.07"]
[Round "3.4"]
[White "Vargas Viscaino, Jesus Daniel"]
[Black "Leal, Dayana Vanessa"]
[Result "1-0"]
[WhiteElo "1610"]
[BlackElo "1530"]
[PlyCount "33"]
[EventDate "2019.06.06"]
[EventType "swiss"]
[EventRounds "6"]
[EventCountry "COL"]
[SourceTitle "EXT 2024"]
[Source "ChessBase"]
[SourceDate "2023.10.10"]
[SourceVersion "1"]
[SourceVersionDate "2023.10.10"]
[SourceQuality "1"]

1. e4 e5 2. Nf3 Nc6 3. d4 exd4 4. Nxd4 Bc5 5. Nb3 Bb6 6. Nc3 Nf6 7. Bg5 d6 8. Bd3 Be6 9. 0-0 0-0 10. Kh1 h6 11. Bh4 Ne5 12. f4 Neg4 13. Qe1 h5 14. h3 Nh6 15. e5 Bxb3 16. exf6 Qd7 17. Qg3 1-0

[Event "COL-ch U18 sf2"]
[Site "Malambo"]
[Date "2019.05.04"]
[Round "5.5"]
[White "Vargas Viscaino, Jesus Daniel"]
[Black "Carvajal Barreto, Johan Sebastian"]
[Result "0-1"]
[WhiteElo "1623"]
[BlackElo "1577"]
[PlyCount "108"]
[EventDate "2019.05.02"]
[EventType "swiss"]
[EventRounds "6"]
[EventCountry "COL"]
[SourceTitle "EXT 2024"]
[Source "ChessBase"]
[SourceDate "2023.10.10"]
[SourceVersion "1"]
[SourceVersionDate "2023.10.10"]
[SourceQuality "1"]

1. e4 d6 2. d4 Nf6 3. Nc3 a6 4. f4 g6 5. Nf3 Bg7 6. Be2 0-0 7. a4 b6 8. Nd2 Bb7 9. Bf3 e5 10. fxe5 dxe5 11. d5 Nbd7 12. 0-0 a5 13. Qe1 c6 14. dxc6 Bxc6 15. Nc4 Qc7 16. Ne3 Nc5 17. Qh4 Qb7 18. Ned5 Ncxe4 19. Ne7+ Qxe7 20. Bxe4 Qc5+ 21. Kh1 Nxe4 22. Nxe4 Qxc2 23. Nf2 Qe2 24. Bh6 Rad8 25. Bxg7 Kxg7 26. Rae1 Qxb2 27. Rb1 Qd4 28. Ng4 f5 29. Qe7+ Rf7 30. Qxe5+ Qxe5 31. Nxe5 Rf6 32. Nc4 Be4 33. Rb2 Rd4 34. Nxb6 Rb4 35. Rxb4 axb4 36. a5 Rc6 37. Rg1 b3 38. Na4 Rc2 39. h4 b2 40. Nxb2 Rxb2 41. Kh2 Ra2 42. Kh3 Rxa5 43. g3 Ra2 44. Rc1 Bf3 45. h5 Kh6 46. g4 Bxg4+ 47. Kh4 g5+ 48. Kg3 Ra3+ 49. Kg2 f4 50. Rc2 Kxh5 51. Rb2 Kh4 52. Rc2 Re3 53. Rc7 f3+ 54. Kg1 Kg3 0-1